Rozpoznaj debiuty szachowe - Statystyki

Ogólne statystyki
  • Ten quiz został rozwiązany 382 razy
  • Średni wynik to 9 z 15
Statystyki odpowiedzi
Ruchy Nazwa debiutu % Poprawnych
e4 c5 Obrona sycylijska
91%
e4 e5 sf3 sc6 gc4 gc5 Partia włoska
77%
e4 e6 Obrona francuska
76%
e4 e5 sf3 sc6 gb5 Partia hiszpańska
74%
e4 d5 Obrona skandynawska
72%
d4 d5 c4 Gambit hetmański
71%
e4 e5 f4 Gambit królewski
71%
e4 c6 Obrona caro kann
57%
e4 e5 sf3 sc6 d4 Partia szkocka
56%
e4 sf6 Obrona Alechina
46%
e4 d6 Obrona pirca
46%
e4 e5 sf3 sf6 Obrona rosyjska
46%
e4 e5 sc3 Partia wiedeńska
38%
e4 e5 sf3 sc6 gc4 sf6 Obrona dwóch skoczków
22%
e4 sc6 Debiut nimzowitscha
7%
Nie znaleziono quizów pasujących do podanych kryteriów
Rozkład punktacji
Procent ludzi z każdym wynikiem
Percentyl według liczby udzielonych odpowiedzi
Twoja historia wyników
Nie rozwiązałeś tego quizu